<?xml version="1.0" encoding="UTF-8"?><?xml-stylesheet type="text/xsl" href="static/style.xsl"?><OAI-PMH xmlns="http://www.openarchives.org/OAI/2.0/" xmlns:xsi="http://www.w3.org/2001/XMLSchema-instance" xsi:schemaLocation="http://www.openarchives.org/OAI/2.0/ http://www.openarchives.org/OAI/2.0/OAI-PMH.xsd"><responseDate>2026-04-17T10:14:56Z</responseDate><request verb="GetRecord" identifier="oai:www.recercat.cat:20.500.12328/4540" metadataPrefix="marc">https://recercat.cat/oai/request</request><GetRecord><record><header><identifier>oai:recercat.cat:20.500.12328/4540</identifier><datestamp>2025-05-16T12:47:26Z</datestamp><setSpec>com_2072_67741</setSpec><setSpec>col_2072_484352</setSpec></header><metadata><record xmlns="http://www.loc.gov/MARC21/slim" xmlns:dcterms="http://purl.org/dc/terms/" xmlns:xsi="http://www.w3.org/2001/XMLSchema-instance" xmlns:doc="http://www.lyncode.com/xoai" xsi:schemaLocation="http://www.loc.gov/MARC21/slim http://www.loc.gov/standards/marcxml/schema/MARC21slim.xsd">
   <leader>00925njm 22002777a 4500</leader>
   <datafield ind2=" " ind1=" " tag="042">
      <subfield code="a">dc</subfield>
   </datafield>
   <datafield ind2=" " ind1=" " tag="720">
      <subfield code="a">Díez Tercero, Leire</subfield>
      <subfield code="e">author</subfield>
   </datafield>
   <datafield ind2=" " ind1=" " tag="720">
      <subfield code="a">Bosch Rué, Èlia</subfield>
      <subfield code="e">author</subfield>
   </datafield>
   <datafield ind2=" " ind1=" " tag="720">
      <subfield code="a">Bosch, Begoña M.</subfield>
      <subfield code="e">author</subfield>
   </datafield>
   <datafield ind2=" " ind1=" " tag="720">
      <subfield code="a">Rojas-Márquez, Raquel</subfield>
      <subfield code="e">author</subfield>
   </datafield>
   <datafield ind2=" " ind1=" " tag="720">
      <subfield code="a">Caballé Serrano, Jordi</subfield>
      <subfield code="e">author</subfield>
   </datafield>
   <datafield ind2=" " ind1=" " tag="720">
      <subfield code="a">Delgado, Luis M.</subfield>
      <subfield code="e">author</subfield>
   </datafield>
   <datafield ind2=" " ind1=" " tag="720">
      <subfield code="a">Pérez, Román A.</subfield>
      <subfield code="e">author</subfield>
   </datafield>
   <datafield ind2=" " ind1=" " tag="260">
      <subfield code="c">2024</subfield>
   </datafield>
   <datafield ind2=" " ind1=" " tag="520">
      <subfield code="a">Guided bone regeneration (GBR) is a widely used procedure that prevents the fast in-growth of soft tissues into bone defect. Among the different types of membranes, the use of collagen membranes is the gold standard. However, these membranes are implanted in tissue location where a severe acute inflammation will occur and can be negatively affected. The aim of this study was to develop a collagen-based membrane for GBR that incorporated alginate-hydroxyapatite microparticles. Membranes were manufactured using collagen type I and gelatin and alginate-hydroxyapatite microparticles. Membranes were assessed in terms of topography by scanning electron microscopy and confocal microscopy; stability by swelling after an overnight incubation in saline and enzymatic degradation against collagenase and mechanical properties by tensile tests. Furthermore, the biological response was assessed with SaOs-2 cells and THP-1 macrophages to determine alkaline phosphatase activity and inflammatory cytokine release. Our results showed that the incorporation of different percentages of these microparticles could induce changes in the surface topography. When the biological response was analyzed, either membranes were not cytotoxic to THP-1 macrophages or to SaOs-2 cells and they did not induce the release of pro-inflammatory cytokines. However, the different surface topographies did not induce changes in the macrophage morphology and the release of pro- and anti-inflammatory cytokines, suggesting that the effect of surface roughness on macrophage behavior could be dependent on other factors such as substrate stiffness and composition. Collagen-gelatin membranes with embedded alginate-hydroxyapatite microparticles increased ALP activity, suggesting a positive effect of them on bone regeneration, remaining unaffected the release of pro- and anti-inflammatory cytokines.</subfield>
   </datafield>
   <datafield ind1="8" ind2=" " tag="024">
      <subfield code="a">Díez Tercero, Leire; Bosch Rué, Èlia; Bosch, Begoña M. [et al.]. Engineering a microparticle-loaded rough membrane for guided bone regeneration modulating osteoblast response without inducing inflammation. Colloids and Surfaces B: Biointerfaces, 2024, 241, 113994. Disponible en: &lt;https://www.sciencedirect.com/science/article/abs/pii/S0927776524002534>. Fecha de acceso: 16 ene. 2025. DOI: 10.1016/j.colsurfb.2024.113994</subfield>
   </datafield>
   <datafield ind1="8" ind2=" " tag="024">
      <subfield code="a">0927-7765</subfield>
   </datafield>
   <datafield ind1="8" ind2=" " tag="024">
      <subfield code="a">http://hdl.handle.net/20.500.12328/4540</subfield>
   </datafield>
   <datafield ind1="8" ind2=" " tag="024">
      <subfield code="a">https://dx.doi.org/10.1016/j.colsurfb.2024.113994</subfield>
   </datafield>
   <datafield tag="653" ind2=" " ind1=" ">
      <subfield code="a">Membrana rugosa</subfield>
   </datafield>
   <datafield tag="653" ind2=" " ind1=" ">
      <subfield code="a">Regeneració òssia</subfield>
   </datafield>
   <datafield tag="653" ind2=" " ind1=" ">
      <subfield code="a">Osteoblasts</subfield>
   </datafield>
   <datafield tag="653" ind2=" " ind1=" ">
      <subfield code="a">Inflamació</subfield>
   </datafield>
   <datafield tag="653" ind2=" " ind1=" ">
      <subfield code="a">Membrana rugosa</subfield>
   </datafield>
   <datafield tag="653" ind2=" " ind1=" ">
      <subfield code="a">Regeneración ósea</subfield>
   </datafield>
   <datafield tag="653" ind2=" " ind1=" ">
      <subfield code="a">Osteoblastos</subfield>
   </datafield>
   <datafield tag="653" ind2=" " ind1=" ">
      <subfield code="a">Inflamación</subfield>
   </datafield>
   <datafield tag="653" ind2=" " ind1=" ">
      <subfield code="a">Rough membrane</subfield>
   </datafield>
   <datafield tag="653" ind2=" " ind1=" ">
      <subfield code="a">Bone regeneration</subfield>
   </datafield>
   <datafield tag="653" ind2=" " ind1=" ">
      <subfield code="a">Osteoblasts</subfield>
   </datafield>
   <datafield tag="653" ind2=" " ind1=" ">
      <subfield code="a">Inflammation</subfield>
   </datafield>
   <datafield ind2="0" ind1="0" tag="245">
      <subfield code="a">Engineering a microparticle-loaded rough membrane for guided bone regeneration modulating osteoblast response without inducing inflammation</subfield>
   </datafield>
</record></metadata></record></GetRecord></OAI-PMH>